000
00299nam a22001337a 4500
008
180920b xxu||||| |||| 00| 0 eng d
020
_a
046442329415
041
_a
eng
080
_a
610
100
_a
3
101
_a
SHM
245
_a
The Medical Health Word Book
_c
Hafer.a.r
942
_2
udc
_c
BK
999
_c
48133
_d
48133